00437nam a2200169Ia 450000500170000000800410001704000190005804100120007708200130008910000210010224500610012325000120018426000250019630000100022170000250023185000110025620231101095514.0131103s9999 xx 000 0 und d aLoreto College aEnglish a780bSCH aScholes,Percy A. 4aThe Concise Oxford Dictionary of MusiccPercy A. Scholes a2nd ed. aLondonbO.U.P.c1964 a636p  aWard, John Owen. ed. aLCLIB